000 00320 a2200157 4500
001 179809
020 _a
040 _cMagnum
100 _aGotlib, Nadia Battella
240 1 0 _aTeoria do conto
_lpor
245 1 0 _aTeoria do conto
362 0 _a1899
440 1 _aÁtica
697 _aMAGNITO: ENSINO
942 _cBK
999 _c179809
_d179809